000 00755nam a2200253 i 4500
001 bg
100 1 _aSmyczyński, Tadeusz
_d(1938- ).
245 1 0 _aPrawo rodzinne i opiekuńcze /
_cTadeusz Smyczyński.
250 _a2 wyd. uzup. i uaktual.
260 _aWarszawa :
_bC. H. Beck,
_c1999.
300 _aXVIII, [2], 264 s. ;
_c21 cm.
490 1 _aPodręczniki Prawnicze
504 _aBibliogr. s. XVII-[XIX] i przy rozdz.
650 9 _aPrawo rodzinne
_zPolska
_ystan na 1998 r.
655 _aPodręczniki akademickie
830 _aPodręczniki Prawnicze
020 _a8371100981
040 _cBPK
041 0 _apl
080 _a347.61/.64(438)(075.8)
920 _a83-7110-098-1
942 _cKS
008 s pl f |000 0 pol
999 _c39718
_d39718
856 _uhttp://koha.tu.koszalin.pl/cgi-bin/koha/opac-detail.pl?biblionumber=39718
_yKatalog online BPK